Представление документа в формате MARC21

Поле Инд. ПП Название Значение
Тип записи a
Библиографический уровень m
001 Контрольный номер c196f92f02be411d94109f2b5ce6d0e9
005 Дата корректировки 20260224150846.0
020 a ISBN 978-5-6046527-1-8
080 a Индекс УДК 338.24(075.8)
084 a Индекс другой классификации/Индекс ББК У050.17я7
084 a Индекс другой классификации/Индекс ББК У9(2Рос)-983я7
090 a Полочн. индекс У05
x Авторский знак Ф 15
097 b Оператор *Ст*
097 b Оператор *Мал*
b Оператор *Вин*
100 1_ a Автор Фадеева И.А.
245 10 a Заглавие Международная экономическая безопасность
b Продолж. заглавия учебное пособие
260 a Место издания Москва
c Дата издания 2024
b Издательство Дипломатическая академия МИД России
300 a Объем 146 с.
516 8_ a Прим. о типе комп. файла/ данных Текст : непосредственный
520 0_ a Аннотация В учебном пособии раскрываются теоретические основы обеспечения экономической безопасности государства в современных условиях, определяются национальные интересы страны в области мировой экономики, показана специфика, особенности, характер и механизм действий угроз международной экономической безопасности, рассматриваются проблемы коррупции и криминализации общества и методы борьбы с теневой экономикой. Показана проблема транснациональных элит, их место в системе политических и финансово-экономических отношений. Учебное пособие предназначено для специалистов в области международных отношений, политологии и международной безопасности, студентов и аспирантов профильных вузов, а также для всех интересующихся данной тематикой.
583 a Действие Перевод
653 0_ a Ключевые слова Международная экономическая безопасность
a Ключевые слова Национальная безопасность
a Ключевые слова Мировая экономика
a Ключевые слова Экономические модели
a Ключевые слова Транснациональная преступность
a Ключевые слова Транснациональные элиты
a Ключевые слова Теневая экономика
a Ключевые слова Коррупция
655 a Жанр/ форма (устаревшее) *У*
700 12 a Другие авторы Сурма И.В.
700 12 a Другие авторы Жемухова М.А.
901 t Тип документа m
905 b Дата создания записи обработка 25.04.25
d Дата перевода 24.02.26
952 e Факультет *ФУСК*
a Тип литературы для КСУ ВШ *У2*
990 h N записи в КСУ для Б/У (DOS) 52/2024
990 f Даты поступлений (DOS) 23.10.24
g Размещение заказа (DOS) пожертвование православного Прихода Успенского
j Количество экземпляров (DOS) 1